|
|
|
|
| LEADER |
00000nam0a2200000 4500 |
| 001 |
225974 |
| 005 |
20231101230711.0 |
| 010 |
|
|
|a 512001528X
|
| 020 |
|
|
|a RU
|b 90-25513
|
| 035 |
|
|
|a (RuTPU)RU\TPU\book\246340
|
| 090 |
|
|
|a 225974
|
| 100 |
|
|
|a 20121116d1990 km y0rusy5003 ca
|
| 101 |
0 |
|
|a rus
|
| 102 |
|
|
|a UA
|
| 105 |
|
|
|a y z 001zy
|
| 200 |
1 |
|
|a Формирование и использование трудовых ресурсов в европейских социалистических странах
|f Л. С. Дегтярь [и др.]
|g Академия наук СССР (АН СССР), Институт экономики мировой социалистической системы (ИМЭСС) ; Академия наук Украинской ССР (АН УССР), Институт социальных и экономических проблем зарубежных стран
|
| 210 |
|
|
|a Киев
|c Наук. думка
|d 1990
|
| 215 |
|
|
|a 150 с.
|d 21 см
|
| 300 |
|
|
|a Авт. указаны на обороте тит. л.
|
| 320 |
|
|
|a Библиогр. в примеч.: с. 144-149.
|
| 606 |
1 |
|
|a Трудовые ресурсы
|x Социалистические страны
|2 stltpush
|3 (RuTPU)RU\TPU\subj\37120
|9 58260
|
| 610 |
1 |
|
|a использование
|
| 610 |
1 |
|
|a формирование
|
| 610 |
1 |
|
|a демографическое развитие
|
| 610 |
1 |
|
|a занятость
|
| 610 |
1 |
|
|a отраслевая структура
|
| 610 |
1 |
|
|a материальное стимулирование
|
| 610 |
1 |
|
|a мобильность
|
| 610 |
1 |
|
|a европейские страны
|
| 686 |
|
|
|a У624
|2 rubbk
|
| 701 |
|
1 |
|a Дегтярь
|b Л. С.
|g Людмила Серафимовна
|
| 701 |
|
1 |
|a Балтажи
|b Н. Ф.
|g Николай Федорович
|
| 701 |
|
1 |
|a Малиновская
|b Е. А.
|g Елена Анатольевна
|
| 701 |
|
1 |
|a Захарова
|b Н. Д.
|
| 701 |
|
1 |
|a Зимакова
|b Т. В.
|
| 712 |
0 |
2 |
|a Академия наук СССР (АН СССР)
|b Институт экономики мировой социалистической системы (ИМЭСС)
|c (1960-1990)
|c (москва)
|2 stltpush
|3 (RuTPU)RU\TPU\col\10670
|
| 712 |
0 |
2 |
|a Академия наук Украинской ССР (АН УССР)
|b Институт социальных и экономических проблем зарубежных стран
|2 stltpush
|3 (RuTPU)RU\TPU\col\8542
|
| 801 |
|
0 |
|a RU
|b RuMRKP
|c 19960705
|g psbo
|
| 801 |
|
1 |
|a RU
|b 63413507
|c 20121116
|
| 801 |
|
2 |
|a RU
|b 63413507
|c 20121204
|g RCR
|
| 942 |
|
|
|c BK
|